000
00285nam a22001337a 4500
008
181029b xxu||||| |||| 00| 0 eng d
020
_a
9780385513753
041
_a
eng
080
_a
821
100
_a
21
101
_a
GJL
245
_a
The Da Vinci Code
_c
Brown, D
942
_2
udc
_c
BK
999
_c
51012
_d
51012